000 00670nam a2200217Ia 4500
005 20250508160904.0
008 008 250505s9999 xx 000 0 eng d
020 _a0-87620-551-1
037 _aTextual
040 _aFEDL
_beng
_cFEDL
041 _aeng
_2eng
084 _a371.3, HEN
_qFEDL
100 _aHennings Dorothy Grant
_9769686
245 0 _aMastering classroom communication what interaction analysis tells the teacher
260 _aCalifornia, USA
_bGoodyear Publishing Company
_c1975
300 _axiii,193p.
490 _aGoodyear education
650 _aTeaching Techniqe
942 _cTEXL
_h371.3, HEN
999 _c1367197
_d1367197